CRISTO Y LAS RELIGIONES DE LA TIERRA: MANUAL DE HISTORIA DE LA RELIGION /
CONTENIDO: V.1 EL MUNDO PREHISTORICO Y PROTOHISTORICO.-- V.2 RELIGIONES DE LOS PUEBLOS Y DE LAS CULTURAS DE LA ANTIGUEDAD.-- LAS GRANDES RELIGIONES NO CRISTIANAS HOY EXISTENTES. EL CRISTIANISMO.
Na minha lista:
| Outros Autores: | |
|---|---|
| Formato: | Livro |
| Colecção: | BIBLIOTECA DE AUTORES CRISTIANOS, NORMAL;
200, 203, 208 |
| Assuntos: | |
| Tags: |
Sem tags, seja o primeiro a adicionar uma tag!
|
MARC
| LEADER | 00000nam^a2200000^a^4500 | ||
|---|---|---|---|
| 001 | 000231596 | ||
| 005 | 20250521000000.0 | ||
| 009 | 20260310104527.097 | ||
| 035 | |a 046185 | ||
| 037 | |a Acervo Xavier Clavigero | ||
| 082 | |a 205. |b CRI | ||
| 245 | 1 | 0 | |a CRISTO Y LAS RELIGIONES DE LA TIERRA: |b MANUAL DE HISTORIA DE LA RELIGION / |c DIR. FRANZ KONIG |
| 264 | |a MADRID : |b CATOLICA, |c 1968 | ||
| 300 | |a 3V.- | ||
| 336 | |a texto |b txt |2 rdacontenido | ||
| 337 | |a sin mediación |b n |2 rdamedio | ||
| 338 | |a volumen |b nc |2 rdasoporte | ||
| 440 | |a BIBLIOTECA DE AUTORES CRISTIANOS, NORMAL; |v 200, 203, 208 | ||
| 520 | |a CONTENIDO: V.1 EL MUNDO PREHISTORICO Y PROTOHISTORICO.-- V.2 RELIGIONES DE LOS PUEBLOS Y DE LAS CULTURAS DE LA ANTIGUEDAD.-- LAS GRANDES RELIGIONES NO CRISTIANAS HOY EXISTENTES. EL CRISTIANISMO. | ||
| 649 | |a XX | ||
| 650 | |a RELIGION - |x HISTORIA | ||
| 700 | |a König, Franz |e (dirección) | ||
| 910 | |a Fondo General | ||
| 920 | |a Impresos - Libros | ||
| 930 | |a Colección General | ||
| 905 | |a 101 | ||
| 901 | |a 046185 |b IT1 |c ACC |i 046185 |u 20250521 | ||
| 901 | |a 008830 |b IT1 |c ACC |i 008830 |u 20250521 | ||
| 901 | |a 068631 |b IT1 |c ACC |i 068631 |u 20250521 | ||
| 901 | |a 046282 |b IT1 |c ACC |i 046282 |u 20250521 | ||
| 901 | |a 008831 |b IT1 |c ACC |i 008831 |u 20250521 | ||
| 901 | |a 046188 |b IT1 |c ACC |i 046188 |u 20250521 | ||
| 901 | |a 046424 |b IT1 |c ACC |i 046424 |u 20250521 | ||
| 901 | |a 008832 |b IT1 |c ACC |i 008832 |u 20250521 | ||
| 901 | |a 046365 |b IT1 |c ACC |i 046365 |u 20250521 | ||
| 902 | |a https://opac.biblio.iteso.mx/vufind/Record/000231596 | ||